Increasingly Difficult African Geography #1 - Statistics

General Stats
  • This quiz has been taken 83 times
  • The average score is 15 of 20
Answer Stats
Hint Answer % Correct
Most populated country Nigeria
97%
Youngest country (Last to declare independence) South Sudan
97%
Largest country (by land area) Algeria
94%
Tallest Mountain Mt. Kilimanjaro
94%
Lake Victoria, Tanganyika, Malawi, and Turkanaare the largest of the: African {Great} Lakes
93%
The territory of Western Sahara breaks offthe country _____ Morocco
92%
Former name of Eswatini Swaziland
92%
Cape located in Southern Africa Cape of {Good Hope}
90%
Ancient city of trade and wealth in Mali Timbuktu
89%
2nd Largest desert Kalahari Desert
87%
Country that the DRC declared independence from Belgium
83%
Name one of the two rivers forming the North and South border of Zimbabwe Zambezi / Limpopo
79%
Country meaning 'Lion Mountain' or'Mountains of lions' Sierra Leone
65%
The Western Arabic world (starts with "m") Maghreb
63%
Zimbabwean "dictator" from 1980 to 2017, ruleduntil he was 93 years old Robert Mugabe
63%
Spanish city bordering Morocco in the Strait of Gibraltar Ceuta
61%
Poorest country by GDP per capita Burundi
59%
Region in Central Africa betweenhumid Savanna and arid Sahara Sahel
55%
Island where the city of Malabo is located on Bioko
21%
Ancient kingdom Christian situated on the Red Sea Kingdom of {Axum}
20%
No matching quizzes found
Score Distribution
Percent of People with Each Score
Percentile by Number Answered
Your Score History
You have not taken this quiz